00438nam a2200169Ia 4500003000400000005001700004008004100021020001800062040000700080041000800087082001900095100003000114245006000144260003900204300001700243365000800260OSt20230426105015.0210423s2009 xx 000 0 und d a9781412942140 cAL aeng a302.20175 ARNR aARNETT (Ronald C);others. aCommunication ethics literacy: dialogue and difference. aNew DelhibSage Publicationsc2009 axxii,273bPB cINR